|
|
|
|
| LEADER |
01011nam a2200241 a 4500 |
| 001 |
12541014 |
| 008 |
100113s2002 caua b 001 0 eng d |
| 010 |
|
|
|a \\2001046873
|
| 020 |
|
|
|a 0534531105 (pbk.)
|
| 040 |
|
|
|a DLC
|c DLC
|d DLC
|d BD-DhAAL
|
| 082 |
0 |
0 |
|a 320.473
|2 21
|
| 100 |
1 |
|
|a Gizzi, Michael C.
|
| 245 |
1 |
4 |
|a The web of democracy :
|b an introduction to American politics /
|c Michael C. Gizzi, Tracey Gladstone-Sovell, William R. Wilkerson.
|
| 260 |
|
|
|a Belmont, CA :
|b Wadsworth/Thomson Learning,
|c c2002.
|
| 300 |
|
|
|a xviii, 382 p. :
|b col. ill. ;
|c 23 cm.
|
| 504 |
|
|
|a Includes bibliographical references and index.
|
| 541 |
1 |
|
|e 00010051
|
| 651 |
|
0 |
|a United States
|x Politics and government.
|
| 700 |
1 |
|
|a Gladstone-Sovell, Tracey.
|
| 700 |
1 |
|
|a Wilkerson, William R.
|q (William Richard)
|
| 852 |
4 |
|
|a Ayesha Abed Library
|j General shelf
|
| 999 |
|
|
|c 6972
|d 6972
|
| 952 |
|
|
|0 0
|1 0
|2 ddc
|4 0
|6 320_473000000000000_GIZ_2002
|7 0
|9 7213
|a BRACUL
|b BRACUL
|c GEN
|d 2010-01-14
|l 0
|o 320.473 GIZ
|p 3010010051
|r 2010-01-14
|t 1
|w 2010-01-14
|y BK
|